Geography Quiz

Random Geography or City Quiz

⛳ Cities in 'FA...' Quiz Stats

 Plays Quiz not verified by Sporcle

Challenge
Share
Tweet
Embed
Score 0/60 Timer 14:00
0 Plays Today
Pop. City % Correct
2,008,861Faisalabad
88.2%
203,948Fayetteville, North Carolina
61%
80,621Fayetteville, Arkansas
61%
47,575Faro
56.7%
115,863Fargo
52.4%
326,471Fallujah
49.2%
1,414,050Faridabad
45.5%
40,920Famagusta
40.6%
111,125Fairfield
34.8%
38,641Falun
32.6%
44.445Farmington
31%
31,988Falmouth
30.5%
35,398Falkirk
30.5%
65,034Farnborough
28.9%
32,469Fairbanks
24.6%
88,712Fall River
22.5%
315,940Fayoum
22.5%
29,719Faaa
19.8%
61,192Fano
17.6%
58,621Faenza
17.1%
110,825Fasa
15%
81,435Farmington Hills
12.8%
36,854Fana
11.2%
30,800Faya-Largeau
11.2%
256,624Faizabad
10.7%
291,374Farrukhabad
10.7%
41,777Falkensee
10.7%
33,597Fair Lawn
9.4%
33,800Fayzabad
8.6%
37,500Farah
7.5%
Pop. City % Correct
47,869Fastiv
7.5%
193,193Fatehpur
7%
35,582Fatehpur
7%
92,595Fatehpur, Gujarat
7%
87,695Faridkot
6.4%
60,500Fada Ngourma
5.9%
30,714Făgăraș
5.9%
31,596Fabriano
5.3%
78,249Faridpur
4.8%
39,913Fasano
4.8%
122,425Faridpur
4.8%
119,300Facatativá
3.7%
32,560Farmers Branch
3.2%
278,955Fangchenggang
3.2%
78,405Faqus
2.7%
75,978Fatsa
2.7%
45,675Farrukhnagar
2.1%
76,492Fazilka
2.1%
51,052Farshut
2.1%
59,320Farroupilha
1.6%
70,777Fatehabad
1.6%
31,739Farokh Shahr
1.6%
85,720Fazenda Rio Grande
1.1%
32,000Faraskur
1.1%
41,994Fatikchhari
1.1%
32,942Favara
1.1%
32,905Fatehpur Sikri
0.5%
37,704Falavarjan
0.5%
39,515Fariman
0.5%
181,174Fardis
0%

You're not logged in!

Compare scores with friends on all Sporcle quizzes.
Join for Free
OR
Log In

You Might Also Like...

Show Comments

Extras

Top Quizzes Today


Score Distribution

Your Account Isn't Verified!

In order to create a playlist on Sporcle, you need to verify the email address you used during registration. Go to your Sporcle Settings to finish the process.

Report this User

Report this user for behavior that violates our Community Guidelines.

Details: